A sourcebook for Baptist heritage / (Record no. 1623)
[ view plain ]
| 000 -LEADER | |
|---|---|
| fixed length control field | 00611pam a2200229 a 4500 |
| 001 - CONTROL NUMBER | |
| control field | 0000001675 |
| 003 - CONTROL NUMBER IDENTIFIER | |
| control field | OSt |
| 005 - DATE AND TIME OF LATEST TRANSACTION | |
| control field | 20140825163953.0 |
| 008 - FIXED-LENGTH DATA ELEMENTS--GENERAL INFORMATION | |
| fixed length control field | 890405s1990 tnu 00110 eng |
| 020 ## - INTERNATIONAL STANDARD BOOK NUMBER | |
| International Standard Book Number | 0805465898 |
| 035 ## - SYSTEM CONTROL NUMBER | |
| System control number | 89033091 |
| 040 ## - CATALOGING SOURCE | |
| Original cataloging agency | DLC |
| Transcribing agency | DLC |
| Modifying agency | DLC |
| -- | PUL |
| 050 ## - LIBRARY OF CONGRESS CALL NUMBER | |
| Classification number | BX6231 |
| Item number | .M38 1990 |
| 100 10 - MAIN ENTRY--PERSONAL NAME | |
| Personal name | McBeth, Leon. |
| 245 12 - TITLE STATEMENT | |
| Title | A sourcebook for Baptist heritage / |
| Statement of responsibility, etc | H. Leon McBeth. |
| 260 0# - PUBLICATION, DISTRIBUTION, ETC. (IMPRINT) | |
| Place of publication, distribution, etc | Nashville, Tenn. : |
| Name of publisher, distributor, etc | Broadman Press, |
| Date of publication, distribution, etc | c1990. |
| 300 ## - PHYSICAL DESCRIPTION | |
| Extent | 639 p. ; |
| Dimensions | 24 cm. |
| 500 ## - GENERAL NOTE | |
| General note | Includes index. |
| 650 #0 - SUBJECT ADDED ENTRY--TOPICAL TERM | |
| Topical term or geographic name as entry element | Baptists |
| General subdivision | History |
| -- | Sources. |
| 908 ## - PUT COMMAND PARAMETER (RLIN) | |
| Put command parameter | 050124 |
| 942 ## - ADDED ENTRY ELEMENTS (KOHA) | |
| Source of classification or shelving scheme | Library of Congress Classification |
| Koha item type | General circulation books |
| Withdrawn status | Lost status | Source of classification or shelving scheme | Damaged status | Not for loan | Home library | Current library | Date acquired | Source of acquisition | Total Checkouts | Full call number | Barcode | Date last seen | Price effective from | Koha item type |
|---|---|---|---|---|---|---|---|---|---|---|---|---|---|---|
| Library of Congress Classification | Presbyterian University of East Africa - Main Library | Presbyterian University of East Africa - Main Library | 26/12/2012 | Donation | BX6231 .M38 1990 | 020010001695 | 26/12/2012 | 26/12/2012 | General circulation books |
